000 01436cam a2200325 a 4500
999 _c19988
_d19988
001 4981659
005 20170118092432.0
008 980812s2000 paua b s001 0 eng
010 _a 98041262
020 _a027101850X (cloth : acidfree paper)
050 0 0 _aNA1053 .V7M87 2000
100 1 _aMurphy, Kevin D.
245 1 0 _aMemory and modernity :
_bViollet-le-Duc at Vézelay /
_cKevin D. Murphy.
260 _aUniversity Park, Pa. :
_bPennsylvania State University Press,
_cc2000.
300 _axiv, 200 p. :
_bill. ;
_c24 cm.
504 _aIncludes bibliographical references (p. [181]-191) and index.
600 2 0 _aViollet-le-Duc, Eugène-Emmanuel,
_d1814-1879
_xCriticism and interpretation.
610 2 0 _aBasilique de la Madeleine (Vézelay, France)
650 0 _aCatholic church buildings
_xConservation and restoration
_zFrance
_zVézelay.
651 0 _aVézelay (France)
_xBuildings, structures, etc.
700 2 _aViollet-le-Duc, Eugène-Emmanuel,
_d1814-1879.
942 _2lcc
_cBOOKS
_hNA1053 .V7M87 2000